Регионална библиотека "Любен Каравелов" - Русе

Съчинение разсъждение върху епическа творба - VII клас (Запис номер 5983)

MARC детайли
000 -Лидер
Контролно поле с фиксирана дължина 02032nam a2200421 c 4500
003 - Код на организацията, давaща контролен номер
Контролно поле BLK
005 - Дата и час на последна редакция
Контролно поле 20250129151402.0
008 - Елементи от данни с фиксирана дължина
fixed length control field 180412b bul|||||r ||||||| ||bul||
010 ## - Наследен системен номер
LC control number KNG00007196000
020 ## - Международен стандартен номер на книга ISBN
Международен стандартен номер на книга ISBN 954-9866-13-0
040 ## - Източник на каталожния запис
Идентификатор на билиотеката - собственик на записа BLK
041 ## - Код за език
Код за езика на текст/звукозапис или на отделно заглавие Български
Код за езика КДБФ Български
080 ## - УДК
Текстов определител УДК Българска литература в основното училище. Методика на обучението
УДК код - определител по УДК 373.3.016:821.163.2
УДК определител (075.2)
УДК - код + определител 373.3.016:821.163.2(075.2)
080 ## - УДК
Текстов определител УДК Литературна дейност. Редактиране. Култура на речта. Стилистика. Литературна техника
УДК код - определител по УДК 808
УДК определител (075.2)
УДК - код + определител 808(075.2)
100 1# - Редна дума - Автор
Автор Васева, Милена Петрова
Авторска отговорност първи автор
R(LIN) 250867
139 ## - Редно поле
Редна дума Васева, Милена Петрова и др.
Авторски знак Вас - В 23
245 10 - Сведения за заглавието
Заглавие Съчинение разсъждение върху епическа творба - VII клас
Редно поле (дума) Милена Петрова Васева; съавт. Весела Василева Михайлова.
257 ## - Страна на издаване
Страна на създаване/издаване България
260 ## - Област на издателските данни
Име на издателя, разпространителя и проч. Светлоструй
Година на издаване 2000
Печатница Враца : Полипринт
300 ## - Физическа характеристика
Страници 102 с.
Размери/Мащаб 22 см
380 ## - Жанр
Жанр Обществени науки
490 1# - СЕРИИ (Колекции)
Име на серия Аз мога
500 ## - Общи забележки
Забележка Офс. изд.
650 #4 - Допълнително описание по предмет – тема
Основно описание – тема или топоним Българска литература - учебници за основни училища
9 (RLIN) 250869
650 #4 - Допълнително описание по предмет – тема
Основно описание – тема или топоним Съчинение и преразказ - учебници за основни училища
9 (RLIN) 242721
653 ## - Ключова дума – ненормативна
Ключова дума българска литература
653 ## - Ключова дума – ненормативна
Ключова дума съчинение разсъждение
653 ## - Ключова дума – ненормативна
Ключова дума VІІ кл.
653 ## - Ключова дума – ненормативна
Ключова дума учебници за основни училища
700 1# - Други автори (авторска отговорност)
Лично име Михайлова, Весела Василева
9 (RLIN) 97747
852 ## - Местоположение
Форматна сигнатура Цб 210657
856 4# - Електронен адрес и достъп
Електронен формат pdf - файл
Път до файла /url/
856 4# - Електронен адрес и достъп
Електронен формат pdf - файл
Път до файла /url/
942 ## - АРТИКУЛИ
Вид на библиотечния материал Книги
Скрит в OPAC Не
Koha issues (borrowed), all copies 1
944 ## - СЪЗДАВАНЕ И РЕДАКЦИЯ на ЗАПИСА
Създаване/Редакция Създаване
Дата на регистрацията/редакция 15.01.2003
Статус, дата на статуса Правда Бадева
Служител, извършил регистрацията/редакцията 30567
944 ## - СЪЗДАВАНЕ И РЕДАКЦИЯ на ЗАПИСА
Създаване/Редакция Редакция
Дата на регистрацията/редакция 19.11.2014
Статус, дата на статуса ф /
Служител, извършил регистрацията/редакцията Людмила_Стоянова
999 ## - СИСТЕМНИ КОНТРОЛНИ НОМЕРА
Koha biblionumber 5983
Koha biblioitemnumber 5983
999 ## - СИСТЕМНИ КОНТРОЛНИ НОМЕРА
Koha biblioitemnumber 5983
Наличности
Код за отписване Код за изгубен артикул Източник на класификационната схема Код за повреда Коз за рестрикции Код за отдаване Артикулен № Име на библиотеката - собственик Име на библиотеката, в която се намира в момента Статус (Текущо местоположение) Дата на вписване в системата Местоположение - отдел Цена в лева Инвентарен номер Систематично азбучна сигнатура Баркод Номер на екземпляра Цена в евро Служебна бележка Служебен тип на артикула
  Не е изгубен Universal Decimal Classification Не е повреден без рестрикции ползва се в читалня 10517 Регионална библиотека "Любен Каравелов" Русе Регионална библиотека "Любен Каравелов" Русе Хранилище 2001-11-16 Основен фонд - ползва се само за читалня 3.00 667611 Цб 210657 120000667611 1 1.53 Дост: Pk Вид: Ф N: 6370 Дата: 01.11.2001 Книги
  Не е изгубен Universal Decimal Classification Не е повреден без рестрикции заемане за дома 10518 Регионална библиотека "Любен Каравелов" Русе Регионална библиотека "Любен Каравелов" Русе Детски отдел 2012-10-23 Детски отдел 3.00 120000760685 ДН 373.3.016:821/В 23 120000760685 2 1.53 Дост: DA Вид: А N: 19 Дата: 19.10.2012 Дата инв: 21.08.2015 Бележки инв: Д2015 Книги
  Не е изгубен Universal Decimal Classification Не е повреден без рестрикции заемане за дома 10519 Регионална библиотека "Любен Каравелов" Русе Регионална библиотека "Любен Каравелов" Русе Детски отдел 2014-09-12 Детски отдел 3.00 120000780792 ДН 373.3.016:821/В 23 120000780792 3 1.53 Дост: DA Вид: А N: 18 Дата: 12.09.2014 Дата инв: 21.08.2015 Бележки инв: Д2015 Книги
Vip Innovations Ltd, Rousse, Bulgaria 2025